|
|
|
|
| LEADER |
00000nam0a2200000 4500 |
| 001 |
89025 |
| 005 |
20231101213634.0 |
| 035 |
|
|
|a (RuTPU)RU\TPU\book\95519
|
| 090 |
|
|
|a 89025
|
| 100 |
|
|
|a 20060112d1979 m y0rusy50 ca
|
| 101 |
0 |
|
|a rus
|
| 102 |
|
|
|a RU
|
| 105 |
|
|
|a a z 001ay
|
| 200 |
1 |
|
|a Творцы
|e историческая повесть о современниках
|f С. А. Снегов
|
| 210 |
|
|
|a Москва
|c Советская Россия
|d 1979
|
| 215 |
|
|
|a 368 с.
|c ил.
|
| 600 |
|
1 |
|a Курчатов
|g Игорь Васильевич
|b И. В.
|c российский физик
|c академик АН СССР
|f 1902/1903-1960
|2 stltpui
|3 (RuTPU)RU\TPU\pers\1083
|
| 600 |
|
1 |
|a Флеров
|b Г. Н.
|c российский физик
|c академик АН СССР (1968)
|f 1913-1990
|g Георгий Николаевич
|2 stltpush
|3 (RuTPU)RU\TPU\pers\15134
|9 5223
|
| 600 |
|
1 |
|a Зельдович
|g Яков Борисович
|c российский физик-ядерщик
|c астрофизик
|f 1914-1987
|b Я. Б.
|2 stltpui
|3 (RuTPU)RU\TPU\pers\1085
|
| 600 |
|
1 |
|a Харитон
|b Ю. Б.
|c русский физик
|f 1904-1996
|g Юлий Борисович
|c ядерная физика
|2 stltpush
|3 (RuTPU)RU\TPU\pers\11149
|
| 610 |
1 |
|
|a художественная литература
|
| 610 |
1 |
|
|a советская литература
|
| 610 |
1 |
|
|a историческая повесть
|
| 675 |
|
|
|a Р2
|v 3
|
| 700 |
|
1 |
|a Снегов
|b С. А.
|g Сергей Александрович
|
| 801 |
|
1 |
|a RU
|b 63413507
|c 20060112
|g PSBO
|
| 942 |
|
|
|c BK
|